000 00327nam a22001457a 4500
020 _a7161 0006 1
082 _a658 LOC
100 _aLock, Dennis. L
245 _aProject Management
250 _a4 edition
260 _aHaverhill
_bGower Press
_c1968
300 _a210Pg
_bill.;22cm
500 _aInclude Index
942 _cBK
999 _c18550
_d18550